| 000 | 00954nam a22001937a 4500 | ||
|---|---|---|---|
| 999 |
_c61962 _d61962 |
||
| 003 | Ge_BSU | ||
| 005 | 20240617115237.0 | ||
| 008 | 240617s1981 ge ||||| |||| 00| 0 geo d | ||
| 041 | _ageo | ||
| 080 | _a61(479.22)(09) შ-48 | ||
| 100 |
_aშენგელია, მიხეილ _917252 |
||
| 245 |
_aძიებანი ქართული მედიცინის ისტორიიდან / _cმიხეილ შენგელია; რედ. ჯ. ლომაშვილი. |
||
| 264 |
_aთბ. : _bმეცნიერება, _c1981. |
||
| 300 |
_a271 გვ. ; _b21 სმ. |
||
| 653 | _aქართული მედიცინის ისტორია | ||
| 700 |
_aლომაშვილი, ჯ. _eრედაქტორი _97525 |
||
| 856 |
_uhttps://dspace.nplg.gov.ge/bitstream/1234/498806/1/DziebaniQartuliMedicinisIstoriidan_1981.pdf _yელ. ვერსია |
||
| 942 |
_2udc _cᲬᲘᲒᲜᲘ |
||